• 首页
  • 本馆介绍
  • 公告通知
  • 最新文献
  • 馆藏检索
  • 电子资源
  • 读者导购
  • 参考咨询
  • 我的图书馆
  • 登录
  • 详细信息显示
  • 放入我的书架
  • 预约/预借图书
  • 作者相关作品
  • 分类相关作品
  • 丛书相关作品
  • 出版社相关作品

书目信息

  • 表格格式
  • 工作单格式
  • 卡片格式
题名:
工业企业取水定额国家标准实施指南 一
    
 
作者: ;国家发展和改革委员会环境和资源综合利用司 组织编写
分册:  
出版信息: 北京   中国标准出版社  2003.08
页数: 171页
开本: 20cm
丛书名:
单 册:
中图分类: TU991.4-62
科图分类:
主题词: 给水工程:市政工程 , 城市供水系统
电子资源:
ISBN: 7-5066-3246-2
000 00922nam0 2200217 450
001 0755294403
005 20080105150309.49
010    @a7-5066-3246-2@dCNY30.00
100    @a20071225d2003 km y0chiy0120 ea
101 0  @achi
102    @aCN@b110000
200 1  @a工业企业取水定额国家标准实施指南 一@Agong ye qi ye qu shui ding e guo jia biao zhun shi shi zhi nan yi@f国家发展和改革委员会环境和资源综合利用司组织编写@Fguo jia fa zhan he gai ge wei yuan hui huan jing he zi yuan zong he li yong si zu zhi bian xie
210    @a北京@c中国标准出版社@d2003.08
215    @a171页@d20cm
606 0  @a给水工程:市政工程
606 0  @a城市供水系统
690    @aTU991.4-62@v4
711 02 @a国家发展和改革委员会环境和资源综合利用司@Aguo jia fa zhan he gai ge wei yuan hui huan jing he zi yuan zong he li yong si@4组织编写
801  0 @aCN@b大连网信软件有限公司图书馆@c20080105
905    @aBZT@dTU991.4-62@e1
906    @dCNY30.00@n0@r1
    
    工业企业取水定额国家标准实施指南 一/国家发展和改革委员会环境和资源综合利用司组织编写.-北京:中国标准出版社,2003.08
    171页;20cm
    
    
    ISBN 7-5066-3246-2:CNY30.00
    
●
相关链接 在五车中查询图书 在当当中查询图书 在豆瓣中查询图书


正题名:工业企业取水定额国家标准实施指南 一     索取号:TU991.4-62/1         预约/预借

序号 登录号 条形码 馆藏地/架位号 状态 备注
1 615115   2000615115   中心书库中库/ 中库022架A面8列5层62/ [索取号:TU991.4-62/1] 在馆    
2 615116   2000615116   中心书库中库/ 中库022架A面8列5层70/ [索取号:TU991.4-62/1] 在馆    
3 615117   2000615117   中心书库中库/ 中库022架A面8列5层71/ [索取号:TU991.4-62/1] 在馆    
4 615118   2000615118   中心书库中库/ 中库022架A面8列5层69/ [索取号:TU991.4-62/1] 在馆    
5 615119   2000615119   中心书库中库/ 中库022架A面8列5层67/ [索取号:TU991.4-62/1] 在馆    
6 615120   2000615120   中心书库中库/ 中库022架A面8列5层66/ [索取号:TU991.4-62/1] 在馆    
7 615121   2000615121   中心书库中库/ 中库022架A面8列5层65/ [索取号:TU991.4-62/1] 在馆    
8 615122   2000615122   中心书库中库/ 中库022架A面8列5层64/ [索取号:TU991.4-62/1] 在馆    
9 615123   2000615123   中心书库中库/ 中库022架A面8列5层63/ [索取号:TU991.4-62/1] 在馆    
10 615124   2000615124   中心书库中库/ 中库022架A面8列5层68/ [索取号:TU991.4-62/1] 在馆    
山东省滨州职业学院图书馆 欢迎您!
大连网信软件有限公司© 版权所有